Efectos de un cultivo de cobertura estival sobre variables edáficas en un sitio del sudoeste bonaerense /
Guardado en:
| Autor Principal: | |
|---|---|
| Autor Corporativo: | |
| Otros Autores: | |
| Formato: | Libro |
| Idioma: | Spanish |
| Publicado: |
Bahía Blanca,
2017.
|
| Etiquetas: |
Agregar Etiqueta
Sin Etiquetas, Sea el primero en etiquetar este registro!
|
| LEADER | 00758nam a22001695a 4500 | ||
|---|---|---|---|
| 001 | EEA.libagro010921 | ||
| 005 | 20181010084204.0 | ||
| 008 | 171215s2017####ag############000#0#spa#d | ||
| 082 | 0 | 4 | |a 631.452 |
| 100 | 1 | |a Gericó, Emmanuel. | |
| 245 | 1 | 0 | |a Efectos de un cultivo de cobertura estival sobre variables edáficas en un sitio del sudoeste bonaerense / |c Emmanuel Gericó. |
| 260 | |a Bahía Blanca, |c 2017. | ||
| 300 | |a 42 h. : |b il. (algunas col.) ; |c 30 cm. | ||
| 500 | |a Trabajo de intensificación (Ingeniero Agrónomo) -- Universidad Nacional del Sur. Departamento de Agronomía, 2017. | ||
| 700 | 1 | |a Kiessling, Roberto Jürgen, |e tutor. | |
| 710 | 2 | |a Universidad Nacional del Sur. |b Departamento de Agronomía. | |
| 859 | |a AR-BbBCA |b BIB. AGRONOMIA |h 631.452 |i G369 |p 2017/6855 | ||
